Edukačné materiály pre Unreal Engine

Enregistré dans:
Détails bibliographiques
Auteur principal: Degan, Viliam Alex (Auteur)
Autres auteurs: Kučera, Erik (Directeur de thèse)
Format: Manuscrit Livre
Langue:slovaque
Publié: 2025
Sujets:
Accès en ligne:http://is.stuba.sk/zp/portal_zp.pl?podrobnosti=184813
Tags: Ajouter un tag
Pas de tags, Soyez le premier à ajouter un tag!

MARC

LEADER 00000ntm a22000003a 4500
001 stuzp102328
003 SK-STU
005 20250614211141.6
007 ta
008 150427s2015----xo-----f-mn---000-0-slo-d
040 |a STU  |b slo 
041 0 |a slo 
100 1 |a Degan, Viliam Alex  |u 030400  |4 aut  |U FEI Fakulta elektrotechniky a informatiky  |T FEI Ústav automobilovej mechatroniky  |X 104442  |U E400  |Y 642  |7 104442 
242 0 1 |a Educational materials for Unreal Engine  |y eng 
245 1 0 |a Edukačné materiály pre Unreal Engine 
260 |c 2025 
650 4 |a PCG  |2 eng 
650 4 |a Behavior Tree  |2 eng 
650 4 |a Blueprint  |2 eng 
650 4 |a Unreal Engine 5,  |2 eng 
650 4 |a EQS  |2 eng 
650 4 |a game development  |2 eng 
650 4 |a PCG  |2 slo 
650 4 |a EQS  |2 slo 
650 4 |a vývoj hier  |2 slo 
650 4 |a Unreal Engine 5  |2 slo 
650 4 |a Behavior Tree  |2 slo 
650 4 |a Blueprint  |2 slo 
700 1 |a Kučera, Erik  |u 030400  |k Z1  |4 ths  |U FEI Fakulta elektrotechniky a informatiky  |T FEI Ústav automobilovej mechatroniky  |X 55901  |U E400  |Y 642  |7 A000055901 
856 4 |u http://is.stuba.sk/zp/portal_zp.pl?podrobnosti=184813